Musical Instruments #1 Brass Family - Statistics

General Stats
  • This quiz has been taken 260 times
    35 since last reset
  • The average score is 10 of 26
Answer Stats
Answer % Correct
Trumpet
100%
Trombone
97%
Tuba
97%
Euphonium
72%
Baritone
69%
Bass Trombone
59%
Cornet
59%
Sousaphone
52%
Mellophone
45%
Alto Trombone
34%
Bass Trumpet
34%
Flugelhorn
34%
Alto Trumpet
28%
Bugle
28%
Contrabass Trombone
28%
Piccolo Trumpet
28%
Wagner Tuba
21%
Soprano Trombone
17%
Double Horn
10%
Serpent
10%
Helicon
7%
Ophicleide
7%
Single Horn
7%
Vienna Horn
7%
Descant Horn
3%
Dord
0%
No matching quizzes found
Score Distribution
Percent of People with Each Score
Percentile by Number Answered
Your Score History
You have not taken this quiz since the last reset